000
00338nam a2200133Ia 4500
008
260604s9999 xx 000 0 und d
020
_a
9781032608112
082
_a
330 CHA
100
_a
Shiladitya chatterjee
_9
35686
245
0
_a
Inclusive Economic Growth in India
260
_b
Routledge
500
_a
Economy, Development
942
_c
BK
999
_c
8510
_d
8510